| 000 | 00782nam a2200229 i 4500 | ||
|---|---|---|---|
| 001 | 49781 | ||
| 003 | ES-MaACL | ||
| 005 | 20230906162049.0 | ||
| 007 | t| | ||
| 008 | 030723s1965 sp ||||1| spa d | ||
| 100 | 1 |
_aCoutanceau, M. _941318 |
|
| 245 | 1 | 0 |
_aFruticultura : _btécnica y economía de los cultivos de rosaceas leñosas productoras de fruta / _cM. Coutanceau ; traducción y prólogo de Juan Simarro. |
| 250 | _a1ª ed. | ||
| 260 |
_aVilasar de Mar, Barcelona : _bOccidente, _c[1965] |
||
| 300 |
_a590 p. : _bil. ; _c24 cm. |
||
| 490 | 1 | _aNueva enciclopedia de agricultura | |
| 650 | 4 |
_aFruticultura. _912986 |
|
| 700 | 1 |
_aSimarro, Juan. _9106462 |
|
| 830 | 1 |
_aNueva enciclopedia de agricultura _9182296 |
|
| 852 |
_aES-MaACL _jC-27611 |
||
| 999 |
_c49781 _d49781 |
||